Billy Joel Songs by Spotify Streams and First Letter - Statistics

General Stats
  • This quiz has been taken 53 times
  • The average score is 17 of 60
Answer Stats
Number of Streams First Letter Song % Correct
1,272,622,276 P Piano Man
92%
1,016,108,045 V Vienna
92%
1,352,957,552 U Uptown Girl
85%
687,789,685 W We Didn't Start the Fire
69%
217,723,013 M Movin' Out (Anthony's Song)
65%
362,416,942 J Just the Way You Are
54%
595,609,409 S She's Always a Woman
54%
191,200,139 T The Longest Time
54%
62,461,498 Z Zanzibar
54%
112,056,503 N New York State of Mind
50%
252,884,742 O Only the Good Die Young
50%
314,007,390 I It's Still Rock and Roll to Me
46%
112,282,313 H Honesty
42%
389,617,086 M My Life
42%
111,960,177 Y You May Be Right
42%
38,849,221 A Allentown
38%
49,749,805 B Big Shot
38%
32,496,600 G Goodnight Saigon
35%
42,095,330 P Pressure
35%
87,274,230 S Scenes from an Italian Restaurant
35%
44,062,628 T The Stranger
35%
34,096,918 A An Innocent Man
31%
25,689,022 T The Entertainer
31%
33,574,224 A And So It Goes
27%
28,241,488 C Captain Jack
27%
20,928,788 S Say Goodbye to Hollywood
27%
66,299,180 T Tell Her About It
27%
156,409,983 T The River of Dreams
27%
20,479,487 K Keeping the Faith
23%
14,428,009 P / A Prelude / Angry Young Man
23%
59,781,286 T The Downeaster 'Alexa'
23%
17,032,098 B Baby Grand
19%
43,167,278 D Don't Ask Me Why
19%
18,062,454 I I Go to Extremes
19%
51,268,124 S She's Got a Way
19%
9,364,969 S Stiletto
19%
25,863,023 S Summer, Highland Falls
19%
14,763,766 A All for Leyna
15%
7,023,484 E Everybody Has a Dream
15%
20,970,654 L Leave a Tender Moment Alone
15%
21,533,440 L Leningrad
15%
8,104,260 S Sleeping With the Television On
15%
44,183,796 A A Matter of Trust
12%
10,818,792 E Everybody Loves You Now
12%
9,390,158 G Get It Right the First Time
12%
21,503,217 T Turn the Lights Back On
12%
48,781,537 L Lullabye (Goodnight, My Angel)
8%
6,032,783 S Shameless
8%
13,050,714 T The Ballad of Billy the Kid
8%
13,099,975 T This Is the Time
8%
21,334,374 W Why Should I Worry
8%
6,182,813 R Rosalinda's Eyes
4%
15,291,941 S Sometimes a Fantasy
4%
14,621,104 T To Make You Feel My Love
4%
24,458,102 Y You're My Home
4%
11,724,353 A All About Soul
0%
16,476,830 M Miami 2017 (Seen the Lights Go Out On Broadway)
0%
6,110,893 T The Good Life
0%
6,364,162 T This Night
0%
13,059,823 Y You're Only Human (Second Wind)
0%
No matching quizzes found
Score Distribution
Percent of People with Each Score
Percentile by Number Answered
Your Score History
You have not taken this quiz